| 000 | 00616nam a2200205 a 4500 | ||
|---|---|---|---|
| 001 | 84978 | ||
| 003 | BD-RjUL | ||
| 005 | 20250525164524.0 | ||
| 008 | 250525s1956 ||||| |||| 00| 0 eng d | ||
| 035 | _a(BD-RjUL)84978 | ||
| 040 |
_aBD-RjUL _beng _cBD-RjUL |
||
| 041 | _aeng | ||
| 082 |
_a378 _bUNC 1956 |
||
| 110 |
_aThe University of New Zealand _915649 |
||
| 245 |
_aCanterbury University College Calendar, 1956 / _cThe University of New Zealand |
||
| 260 |
_aChristchurch : _bWhitcombe and tombs Ltd. _c1956 |
||
| 300 |
_a240 p.; _c22 cm. |
||
| 650 |
_aCanterbury University _xCalendar _915650 |
||
| 942 |
_2ddc _cBK |
||
| 999 |
_c84978 _d84978 |
||